LEADER 00914nam0-22003371i-450 001 990001461480403321 005 20240429155855.0 010 $a0-521-09654-5 035 $aFED01000146148 035 $a(Aleph)000146148FED01 035 $a000146148 100 $a20000920d1971----km-y0itay50------ba 101 0 $aeng 102 $aGB 105 $aa---a---001yy 200 1 $a<>Guidebook to Biochemistry$fMichael Yudkin, Robin Offord 210 $aCambridge$cUniversity Press$d1971 215 $aix, 195 p.$d22 cm 610 0 $aBiochimica 676 $a574.192$v23$zita 700 1$aYudkin,$bMichael$064412 702 1$aOfford,$bRobin 801 0$aIT$bUNINA$gRICA$2UNIMARC 901 $aBK 912 $a990001461480403321 952 $a2 V 17$b16387$fDBV 952 $aA MIC 920$b7015/2024$fFAGBC 959 $aDBV 959 $aFAGBC 996 $aGuidebook to Biochemistry$9379637 997 $aUNINA